Statistiken für Länder die mit A enden

Klicken Sie hier um das Quiz zu spielen!

Allgemein

  • Dieses Quiz wurde 848 mal gespielt
    (836 seit der letzten Aktualisierung)
  • Das Durchschnittsergebnis liegt bei 27 aus 43

Antwortstatistiken

Antwort% Korrekt
Kanada
86%
China
76%
Andorra
75%
Angola
75%
Panama
74%
Südafrika
73%
Guinea
72%
Namibia
72%
Sambia
72%
Kenia
70%
Südkorea
70%
Nordkorea
69%
Guatemala
68%
Kuba
68%
Somalia
68%
Nigeria
67%
Gambia
66%
Jamaika
66%
Eritrea
65%
Ghana
65%
Guyana
65%
Nicaragua
65%
Tansania
65%
Uganda
65%
Costa Rica
64%
Malta
64%
Ruanda
64%
USA
64%
Antigua und Barbuda
62%
Dominica
59%
Liberia
59%
Samoa
59%
Venezuela
58%
Äquatorialguinea
57%
Grenada
56%
Malaysia
56%
Tonga
55%
Papua-Neuguinea
54%
Kambodscha
48%
Saint Lucia
47%
Sri Lanka
47%
Bosnien und Herzegowina
30%
Botsuana
29%

Verteilung der Resultate

Perzentil nach korrekt beantworteten Fragen

Anzahl Personen mit jedem Resultat

Ihre Resultats-Entwicklung

Sie haben dieses Quiz seit der letzten Aktualisierung nicht gespielt